000 01342cam a2200313 4500
002 7813
008 050110n2004 000 0 eng u
020 _a056608614X
035 _a(Sirsi) u128487
041 _aeng
050 _a690.3
_c18
050 _a690.0941
_c22
100 _aThorpe, Brian
245 _aQuality management in construction
260 _aAldershot
_bGower
_c2004
300 _axvi, 216p.
_c26cm.
350 _a25
490 _aGower Leading Construction Series
520 _aProvides up-to-date information and advice on the subject of quality management in theconstruction industry. Discusses: quality, teams andbusiness competition; ISO 9001: 2000; establishing a Quality Management System (QMS); the role of the quality manager; project management; the Construction (Design and Management) Regulations 1994; project quality plans; choosing support services; applying the QMS to project work; monitoring business/process effectiveness; recognition of the QMS; and computers and quality management.
590 _aNB
650 _aISO 9001: 2000
650 _aCONSTRUCTION INDUSTRY
650 _aQUALITY ASSURANCE
650 _aQUALITY MANAGEMENT SYSTEMS
650 _aCONSTRUCTION (DESIGN AND MANAGEMENT) REGULATIONS 1994
690 _aBUILT ENVIRONMENT
700 _aSumner, Peter
942 _n0
999 _c103929
_d103929